Central Library OPAC University of Rajshahi

On revolution / (Record no. 41698)

MARC details
000 -LEADER
fixed length control field 00605nam a2200217 a 4500
001 - CONTROL NUMBER
control field 41698
003 - CONTROL NUMBER IDENTIFIER
rucl marc code BD-RjUL
005 - DATE AND TIME OF LATEST TRANSACTION
control field 20211209053433.0
008 - FIXED-LENGTH DATA ELEMENTS--GENERAL INFORMATION
fixed length control field 160605m19661963nyu b 001 0 eng
035 ## - SYSTEM CONTROL NUMBER
System control number (BD-RjUL) 41816
040 ## - CATALOGING SOURCE
Original cataloging agency DLC
Transcribing agency DLC
Modifying agency DLC
-- BD-RjUL
Language of cataloging eng
041 ## - LANGUAGE CODE
Language code of text/sound track or separate title eng
082 00 - DEWEY DECIMAL CLASSIFICATION NUMBER
Classification number 321.09
Edition number 23
Author mark and year ARO 1966
100 1# - MAIN ENTRY--PERSONAL NAME
Personal name Arendt, Hannah,
Dates associated with a name 1906-1975.
9 (RLIN) 128085
245 10 - TITLE STATEMENT
Title On revolution /
Statement of responsibility, etc. Hannah Arendt
260 ## - PUBLICATION, DISTRIBUTION, ETC. (IMPRINT)
Place of publication, distribution, etc. New York :
Name of publisher, distributor, etc. Viking Press,
Date of publication, distribution, etc. c1963 [printing 1966]
300 ## - PHYSICAL DESCRIPTION
Pagination 343 p. ;
Size 22 cm.
504 ## - BIBLIOGRAPHY, ETC. NOTE
Bibliography, etc Includes bibliography.
650 #0 - SUBJECT ADDED ENTRY--TOPICAL TERM
Topical term or geographic name as entry element Revolutions.
9 (RLIN) 128086
942 ## - ADDED ENTRY ELEMENTS (KOHA)
Source of classification or shelving scheme Dewey Decimal Classification
Koha item type Books
Holdings
Lost status Source of classification or shelving scheme Damaged status Not for loan Collection code Permanent Location Current Location Shelving location Date acquired Source of acquisition Total Checkouts Full call number Date last seen Copy number Koha item type
  Dewey Decimal Classification     Non-fiction Central Library, University of Rajshahi Central Library, University of Rajshahi   17/01/1975 M. Obidul Huq   321.09 ARO 1966 05/06/2016 C-2 Books